| 000 | 00636nam a22001697a 4500 | ||
|---|---|---|---|
| 005 | 20240403090619.0 | ||
| 008 | 240402b |||||||| |||| 00| 0 eng d | ||
| 082 |
_a297.1225 _bIBN-T |
||
| 100 | _aIbn-i-Kaseer, Ammad-ud-din | ||
| 245 |
_aTafseer-Ibn-i-Kaseer (Urdu) / _cMoulana Muhammad joona Gari [Translator]. |
||
| 260 |
_aPakistan : _bIslami Kutab Khana ; |
||
| 300 |
_av-1 (736 p.), v-2 (640 p.), v-3 (656 p.), v-4 (624 p.),v. 5 (560 p.) : _c24.5 cm . |
||
| 500 | _a1-Set of 5 volumes. 2-v-1 (736 p.), v-2 (640 p.), v-3 (656 p.), v-4 (624 p.),v. 5 (560 p.) | ||
| 650 | _aLiterature/ Islamic | ||
| 650 | _aTasfeer | ||
| 999 |
_c35514 _d35514 |
||